Представление документа в формате RUSMARC

ПолеНазваниеЗначение
  Тип записи a
  Библиографический уровень a
001 Контрольный номер RU/CBS_UL/BASE/59648fe4a1014294b8e043adff99c5aa
005 Дата корректировки 20231027164518.9
100 Данные общей обработки __
a Данные общей обработки 20231027 ||| 0rusy0189 ca
101 Язык документа 0_
a Язык текста rus
102 Страна публикации __
a Страна публикации RU
200 Заглавие и сведения об ответственности 1_
a Заглавие Почему деньги тратятся впустую?
e Сведения, относящиеся к заглавию [о том, как избежать непрактичных приобретений]
300 Общие примечания __
a Общие примечания Зайченко И. Чем себя порадовать?
300 Общие примечания __
a Общие примечания 16+
461 Уровень набора _0
1 2000
a Дарья
463 Уровень физической единицы _0
1 2000
a № 21
v С. 31 : фот.
1 2101
d 2023
1 001RU/CBS_UL/BASE/b5dac5ae6b814e53a91c445695959509
606 Тематические рубрики 0_
a Основная рубрика Финансовая грамотность
610 Ключевые слова 0_
a Ключевые слова покупки
610 Ключевые слова 0_
a Ключевые слова импульсивные покупки
610 Ключевые слова 0_
a Ключевые слова приобретения
610 Ключевые слова 0_
a Ключевые слова непрактичные приобретения
610 Ключевые слова 0_
a Ключевые слова деньги
610 Ключевые слова 0_
a Ключевые слова финансовая грамотность
686 Индексы других классификаций __
2 Код системы rubbk
a Классификационный индекс 65.26
801 Источник записи _0
a Страна RU
b Организация МБУК ЦБС г. Ульяновска
c Дата составления 20231027
g Правила каталогизации RCR
801 Источник записи _1
a Страна RU
b Организация МБУК ЦБС г. Ульяновска
c Дата составления 20231027
g Правила каталогизации RCR
901 Тип документа __
t Тип документа b
w Контрольный № источника RU/CBS_UL/BASE/b5dac5ae6b814e53a91c445695959509